Гомін Полісся (Запис № 433997)

МАРК-запис
000 -Лідер
fixed length control field 00750nam a22002537a 4500
001 - Контрольний номер
control field 53880
003 - Ідентифікатор контрольного номера
control field UA-OsUOA
005 - Дата та час останнього входження (трансакції)
control field 20241113123129.0
007 - Фіксоване поле фізичного опису
fixed length control field ta
008 - Елементи даних фіксованої довжини – загальна інформація
fixed length control field 20151207b un ||||| |||| 00| 0 ukr d
040 ## - Джерело каталогізації
Агенція оригінальної каталогізації UA-OsUOA
Мова каталогізації ukr
Агенція, яка здійснювала перезапис UA-OsUOA
Агенція, яка здійснювала модифікацію UA-OsUOA
041 ## - Код мови
Код мови тексту/ звукової доріжки чи окремого заголовка (П) ukr
080 ## - Індекс Універсальної десяткової класифікації
Індекс Універсальної десяткової класифікації (УДК) (НП) 82-1
090 ## - Локальний шифр розміщення
Класифікаційний індекс УДК 82-1
Авторський знак (НП) Х65
100 ## - Основне введення – ім’я особи
Ім’я особи (НП) Хміль І.
9 (RLIN) 17540
245 ## - Відомості про назву
Назва (НП) Гомін Полісся
Решта назви (НП) поезії
Дані про відповідальність (НП) І. Хміль
260 ## - Публікація, розповсюдження і т.п. (Вихідні дані)
Місце публікації, розповсюдження і т.п. (П) Вінніпег
Дата публікації, розповсюдження і т.п. (П) 1960
300 ## - Фізичний опис
Обсяг 243 с.
650 #7 - Додаткове предметне введення – тематичний термін
Тематичний термін чи географічна назва, як елемент введення (НП) 82 Література. Літературознавство
Джерело заголовка чи терміна UDC
9 (RLIN) 15
942 ## - Додаткові елементи входу (Коха)
Тип елемента Koha Книги
Source of classification or shelving scheme Universal Decimal Classification
955 ## - Код типу видання за змістом
Код типу видання за змістом (НП) Літературно-художні видання
Фонди
Стан вилучень Стан втрат Джерело класифікації або схеми стелажів Стан уражень Не для кредиту Код колекції Постійне місце розташування Поточне розміщення Дата придбання Джерело придбання Вартість, звичайна ціна покупки Інвентарний номер Усього замовленно Повний номер виклику Штрих-код Дата останнього перегляду Ціна ефективна від Тип елемента Koha
    Universal Decimal Classification     Колекція Інституту дослідів Волині Наукова бібліотека ІДУД Наукова бібліотека ІДУД 07/12/2015 327/2015 1.00 2138928   82-1 Х65 2138928 15/09/2019 07/12/2015 Книги
    Universal Decimal Classification     Колекція др. Константина Бризгуна (Оксани і Ярослава Соколиків) Наукова бібліотека ІДУД Наукова бібліотека ІДУД 03/10/2024 Акт надходжень №2/19.01.2024 (загальний)   2140696   82-1 Х65 2140696 03/10/2024 03/10/2024 Книги